Historia económica mundial la formación de la economía internacional (siglos XVI-XX)
Uložené v:
| Hlavný autor: | |
|---|---|
| Médium: | Kniha |
| Jazyk: | Spanish |
| Vydavateľské údaje: |
Madrid
McGraw-Hill Education
2013
|
| Predmet: | |
| Tagy: |
Žiadne tagy, Buďte prvý, kto otaguje tento záznam!
|
MARC
| LEADER | 00000nam a2200000 4500 | ||
|---|---|---|---|
| 001 | 0177143 | ||
| 005 | 20240311131227.5 | ||
| 020 | |a 978-84-481-8371-4 | ||
| 041 | 0 | |a spa | |
| 044 | |a ES | ||
| 245 | 1 | 0 | |a Historia económica mundial |b la formación de la economía internacional (siglos XVI-XX) |c Enriqueta Camps Cura |
| 264 | 1 | |a Madrid |b McGraw-Hill Education |c 2013 | |
| 300 | |a 160 s. | ||
| 610 | 2 | 0 | |a hospodárstvo svetové |
| 610 | 2 | 0 | |a vývoj |
| 610 | 2 | 0 | |a dejiny hospodárske |
| 610 | 2 | 0 | |a vzťahy hospodárske medzinárodné |
| 610 | 2 | 0 | |a demografia |
| 610 | 2 | 0 | |a politika obchodná |
| 610 | 2 | 0 | |a rovnováha hospodárska |
| 610 | 2 | 0 | |a revolúcia priemyselná |
| 610 | 2 | 0 | |a kríza hospodárska |
| 610 | 2 | 0 | |a globalizácia |
| 100 | 1 | |a Camps Cura, Enriqueta | |